El tigre / (Record no. 182047)

MARC details
000 -CABECERA
campo de control de longitud fija 00718nam a2200241 a 4500
005 - FECHA Y HORA DE LA ÚLTIMA TRANSACCIÓN
campo de control 20240228064233.0
008 - ELEMENTOS DE LONGITUD FIJA--INFORMACIÓN GENERAL
campo de control de longitud fija 160429s2006 es r 000 0 spa d
020 ## - NÚMERO INTERNACIONAL NORMALIZADO PARA LIBROS
Número Internacional Estándar del Libro 8498251303
020 ## - NÚMERO INTERNACIONAL NORMALIZADO PARA LIBROS
Número Internacional Estándar del Libro 9788498251302
035 ## - NÚMERO DE CONTROL DEL SISTEMA
Número de control de sistema UPN01000209946
049 ## - COLECCIÓN
Colección I
050 #4 - SIGNATURA TOPOGRÁFICA DE LA BIBLIOTECA DEL CONGRESO
Número de clasificación QL737 C2.3
Número de documento/Ítem M6.7
100 1# - ASIENTO PRINCIPAL--NOMBRE PERSONAL
Nombre de persona Montardre, Hélène,
Fechas asociadas al nombre 1954-
9 (RLIN) 36131
245 11 - MENCIÓN DE TÍTULO
Título El tigre /
Mención de responsabilidad, etc. Hélène Montardre.
260 ## - PUBLICACIÓN, DISTRIBUCIÓN, ETC.
Lugar de publicación, distribución, etc. Barcelona, Esp. :
Nombre del editor, distribuidor, etc. Combel,
Fecha de publicación, distribución, etc. 2006.
300 ## - DESCRIPCIÓN FÍSICA
Extensión 23 p. :
Otras características físicas il.
440 #1 - MENCIÓN DE SERIE/ASIENTO SECUNDARIO--TÍTULO
Título ¿Quién eres?
534 ## - NOTA SOBRE LA VERSIÓN ORIGINAL
Frase introductoria Título original:
Mención de título del original Le petit tigre
650 #4 - ASIENTO SECUNDARIO DE MATERIA - TERMINO TEMATICO
Término de materia o nombre geográfico como elemento de entrada TIGRES -
Subdivisión de forma LITERATURA JUVENIL
9 (RLIN) 24886
650 #4 - ASIENTO SECUNDARIO DE MATERIA - TERMINO TEMATICO
Término de materia o nombre geográfico como elemento de entrada FELINOS -
Subdivisión de forma LITERATURA JUVENIL
9 (RLIN) 12503
650 #4 - ASIENTO SECUNDARIO DE MATERIA - TERMINO TEMATICO
Término de materia o nombre geográfico como elemento de entrada Libros y lectura para niños
9 (RLIN) 2290
905 ## - TIPO DE MATERIAL
Tipo de material Infantil
Holdings
Estado de retiro Estado de pérdida Fuente del sistema de clasificación o colocación Estado dañado No para préstamo Código de colección Localización permanente Ubicación/localización actual Ubicación en estantería Fecha de adquisición Total de préstamos Clasificación Código de barras Fecha visto por última vez Fecha del último préstamo Número de copia Tipo de ítem Koha
    Library of Congress Classification     Infantil Bib. Gregorio Torres Quintero Bib. Gregorio Torres Quintero Sala infantil Planta baja 10/05/2023 1 QL737 C2.3 M6.7 310388 08/05/2024 24/04/2024 1 Libro